• 首页
  • 本馆介绍
  • 公告通知
  • 最新文献
  • 馆藏检索
  • 电子资源
  • 读者导购
  • 参考咨询
  • 我的图书馆
  • 登录
  • 详细信息显示
  • 放入我的书架
  • 预约/预借图书
  • 作者相关作品
  • 分类相关作品
  • 丛书相关作品
  • 出版社相关作品

书目信息

  • 表格格式
  • 工作单格式
  • 卡片格式
题名:
可靠性指南
    
 
作者: ;陈启浩 , 魏锡禄 译 ;日本规格协会可靠性实施分会 编
分册:  
出版信息: 天津   天津科学技术出版社  1984.04
页数: 164页
开本: 19cm
丛书名:
单 册:
中图分类: F403.7
科图分类:
主题词: 工业经济--经济理论
电子资源:
ISBN:
000 00710nam0 2200229 45
001 1609171558
005 20060404160333.25
010    @dCNY0.79
091    @a15212.123
100    @a20160917d1984 km y0chiy0120 ea
101 0  @achi
105    @ak z 000yy
200 1  @a可靠性指南@AKe Kao Xing Zhi Nan@f日本规格协会可靠性实施分会编@FRi Ben Gui Ge Xie Hui Ke Kao Xing Shi Shi Fen Hui Bian@g魏锡禄,陈启浩译
210    @a天津@c天津科学技术出版社@d1984.04
215    @a164页@d19cm
606 0  @a工业经济@x经济理论
690    @aF403.7@v3
702  0 @a陈启浩@AChen Qi Hao@4译
702  0 @a魏锡禄@AWei Xi Lu@4译
711 02 @a日本规格协会可靠性实施分会@4编
801    @aCN@bTSTC@c20060404
905    @dF403.7@e69
    
    可靠性指南/日本规格协会可靠性实施分会编/魏锡禄,陈启浩译.-天津:天津科学技术出版社,1984.04
    164页;19cm
    
    
    ISBN :CNY0.79
    
●
相关链接 在E读中查询图书 在五车中查询图书 在当当中查询图书 在豆瓣中查询图书


正题名:可靠性指南     索取号:F403.7/69         预约/预借

序号 登录号 条形码 馆藏地/架位号 状态 备注
1 0125059   001816075   密集书库/ [索取号:F403.7/69] 在馆    
2 0125060   000208153   第一借阅区/ [索取号:F403.7/69] 在馆    
3 0125061   000208199   第一样本阅览室/ [索取号:F403.7/69] 在馆    
唐山师范学院图书馆 欢迎您!
大连网信软件有限公司© 版权所有